Лорис-Меликова Захария Михайловича к матери - Лорис-Меликовой Нине Ивановне

RUSMARC
00005111nac2a22003373x 450
001a71a3764-626a-4385-921b-a35d5549dc10
00520240723130446.0
100##$a20240716l18891889k y0rusy50 ca
1010#$arus
102##$aRU
105##$ay z |||||
1222#$ad18890320
$ad18890331
2001#$aЛорис-Меликова Захария Михайловича к матери - Лорис-Меликовой Нине Ивановне
$j20.-31.03.1889
215##$a6 листов
$d36,3 х 24,4
251##$cДело
300##$aЗаголовок дела на папке: Письма Захария Михайловича Лорис-Меликова к матери Нине Ивановне Л.-Меликовой
300##$aРукописный текст
330##$aВходит в раздел описи: Письма к жене и детям М. Т. Лорис-Меликова
461#0$1001cda3d175-ae4a-411a-8dea-9cc20fb178f6
$12001
$aЛорис-Меликов Михаил Тариелович, граф, министр внутренних дел, главный начальник "верховной распорядительной комиссии по охранению государственного порядка и общественного спокойствия", генерал от кавалерии
$1251
$cФонд
$1852
$j569
462#0$1001163e060a-d7cc-404d-90ee-e28c9801971b
$12001
$aОпись дел фонда М. Т. Лорис-Меликова за 1858-1915 гг.
$vД. 266
$1251
$cОпись
$1852
$j1
5171#$aПисьма Захария Михайловича Л.-Меликова к матери Нине Ивановне Лорис-Меликовой
600#1$aЛорис-Меликов
$bЗ. М.
$gЗахарий Михайлович
605##$3DITM\AF\0000002775
$aВласть
$lколлекция
$2acquisition_prlib
6101#$aПисьма
686##$a63.3(2)535-332ю1
$cИстория
$2rubbk
686##$a67.400.6ю1
$cПраво
$2rubbk
700#1$aЛорис-Меликов
$bЗ. М.
$gЗахарий Михайлович
702#1$aЛорис-Меликова
$bН. И.
$gНина Ивановна
$4660
801#0$aRU
$bGA_RF
801#1$aRU
$bГлавНИВЦ
$c20240716
$2rusmarc
801#2$aRU
$bПБ им. Б.Н. Ельцина
$c20240723
$gRCR
$2rusmarc
852##$aГА РФ
$j266
937##$d193076452
$hГАРФ
035##$aRuPRLIB51076718
856##$uhttp://readingroom.main.prlib.ru/item.aspx?id_node=n193076452&mode=full
Формат отображения